000 01393nam a22002177a 4500
999 _c3657
_d3657
003 OSt
005 20240425134316.0
008 240425b ||||| |||| 00| 0 eng d
020 _a9781108963848
040 _cKH8
082 _a428.24 MAB
100 _aMabbott, Nicola,
_eauthor.
245 _aCambridge Global English :
_bTeacher's Resource 6 /
_cNicola Mabbott and Helen Tilipoine.
260 _aUnited Kingdom ;
_bCambridge University Press,
_c2022.
300 _a263 pages:
_c8.49 x 0.4 x 10.82 inches.
520 _aDiscover our new resources for the Cambridge International Primary and Lower Secondary Curriculum Frameworks. With everything you need to plan and run your lessons, this teacher's resource helps you get the most out of the series. You'll find starter activities and additional lesson ideas not included in the student's books, as well as answers for all activities. There are clearly identified assessment and differentiation ideas to help you meet all your learners' needs. Includes access to photocopiable games and activities for additional differentiation and further language development in the accompanying digital resource. Every unit includes a test to help you understand where your learners are on their journey.
650 _aEnglish
_vSecond language
650 _aEnglish book
_vTeacher's guide
700 _aTiliouine, Helen,
_eauthor.
942 _2ddc
_cTR